000 00513nam a2200181Ia 4500
001 9971
005 20260306161757.0
008 260306t1986||||xx |||||||||||||| ||spa||
041 _aESP
082 _aPE 869.56
_bF96 T. 2
100 _aFundación del Banco Continental para el Fomento de la Educación y la Cultura
_eAUT
245 0 _aAntología general de la prosa en el Perú del siglo XVIII al XIX
260 _c1986
300 _a
_c21 cm.
650 _aGEN
654 _aCHU
942 _cLIB
_dJUS
_fJUS
_2ddc
_n
999 _c9971
_d9971